Zemplínska šírava letné rekreačné stredisko na východnom Slovensku pod úpätím Vihorlatu

Zobrazenie: Štyri čiastkové pohľady, každý v bielom orámovaní, všetky spolu v bielo-modrom orámovaní. V druhom pohľade je hore červeným písmom názov. Pohľad na dve loďky na vodnej nádrži. Pohľad na autokemping v popredí, vpravo v pozadí je hora. Pohľad na slniacich sa ľudí na brehu, v pozadí sú rešt...

Full description

Bibliographic Details
Other Authors: Čenková, Emília (Photographer)
Format: Photo
Language:Slovak
PhysicalDescription:1 pohľadnica (4 čiastkové pohľady) farebná 11 x 15 cm
Published: Bratislava ČSTK-Pressfoto 1989
Subjects:

MARC

LEADER 00000ckm a2200000 a 4500
001 vtls001204188
003 SK-MaSNL
005 20260331202851.0
007 kf co
008 230718s1989 xo g 0kuslo
015 |a SNBG1989 
035 |a SNK000147258 
035 |a DAB14362-AA12-42FE-9292-C81E49EF4293 
035 |a urn:nbn:sk:snk-km00giin 
040 |a SNK  |b slo  |c SNK  |e AACR2 
041 0 |a slo 
043 |a e-xo--- 
044 |a xo  |c SK 
072 7 |a 913  |x Regionálna geografia  |2 konspekt 
080 |a 913(437.6)  |2 2011 
080 |a 908(437.6)  |2 2011 
080 |a 725.84  |2 2011 
080 |a 711.582.7  |2 2011 
080 |a 711.455.8  |2 2011 
080 |a 629.97  |2 2011 
080 |a 627.81  |2 2011 
080 |a (084.121)  |2 2011 
100 1 |a Čenková, Emília  |4 pht  |9 177114 
245 1 0 |a Zemplínska šírava  |h grafika  |b letné rekreačné stredisko na východnom Slovensku pod úpätím Vihorlatu  |c foto: E. Čeňková ; výtvarný návrh: K. Izakovič 
246 1 |i Názov na obrazovej časti:  |a Zemplínska šírava 
260 |a Bratislava  |b ČSTK-Pressfoto  |c 1989  |e Skalica  |f Grafobal 
300 |a 1 pohľadnica (4 čiastkové pohľady)  |b farebná  |c 11 x 15 cm 
520 8 |a Zobrazenie: Štyri čiastkové pohľady, každý v bielom orámovaní, všetky spolu v bielo-modrom orámovaní. V druhom pohľade je hore červeným písmom názov. Pohľad na dve loďky na vodnej nádrži. Pohľad na autokemping v popredí, vpravo v pozadí je hora. Pohľad na slniacich sa ľudí na brehu, v pozadí sú reštaurácie a rekreačné budovy. Pohľad z vodnej nádrže na loď uprostred záberu, v pozadí je breh plný ľudí 
650 0 7 |a vodné nádrže  |2 SNKPH  |9 4190 
650 0 7 |a autokempingy  |2 SNKPH  |9 784 
650 0 7 |a lode  |2 SNKPH  |9 28713 
650 0 7 |a rekreačné oblasti  |2 SNKPH  |9 69057 
650 0 7 |a rekreačné zariadenia  |2 SNKPH  |9 3012 
651 7 |a Zemplínska šírava (Slovensko : vodná nádrž)  |2 SNKPHgeo  |9 110374 
651 7 |a Zemplínska šírava (Slovensko : rekreačná oblasť)  |2 SNKPHgeo  |9 113109 
655 7 |a geografické pohľadnice  |2 SNKPH  |9 70522 
655 7 |a miestne pohľadnice  |2 SNKPH  |9 70510 
700 1 |a Izakovič, K.  |c (grafik)  |4 art  |9 179239 
852 |a Slovenská národná knižnica 
954 |a pohľadnice pôvodné (slovenské)  |2 lita 
958 |a GBN 
958 |a GC 
958 |a OND 
958 |a EUIPO 
999 |c 697347  |d 699277 
952 |a SNK  |b SNK  |y PREZ  |7 0  |p 17A1283510  |o snkSP 141045  |i snk1411/89  |0 0  |1 0  |4 0  |d 2020-11-02  |f 1  |l 0  |r 2026-02-23 20:46:24  |w 2026-02-23 
952 |a SNK  |b SNK  |y PREZ  |7 0  |p 17A1283509  |o snkSP 141045 D1  |i snk1412/89  |0 0  |1 0  |4 0  |d 2020-11-02  |l 0  |r 2026-02-23 20:46:24  |w 2026-02-23